000
00161nam a22000857a 4500
082
_a
823
100
_a
UNKNOWN
245
_a
THE MOST LOVED BEDTIME TALES
942
_c
BK
999
_c
8208
_d
8208